Personnages de Spy Family par images - Statistiques

Statistiques générales
  • Ce quiz a été pris 13 fois
  • Le résultat moyen est 10 sur 12
Statistiques - réponses
Par images Réponse % Correct
Bond Forger
100%
Damian Desmond
100%
Loid Forger
100%
Donovan Desmond
92%
Yor Forger
92%
Becky Blackbell
83%
Franky Franklin
75%
Yuri Briar
75%
Anya Forger
67%
Emile Elman
58%
Fiona Frost
58%
Sylvia Sherwood
50%
Aucun quiz correspondant
Distribution des résultats
% des personnes avec chaque résultat
Percentile par nombre de réponses
Votre historique - résultats
Vous n’avez pas pris ce quiz